| 000 | 00672cab a2200241 4500 | ||
|---|---|---|---|
| 001 | WB3519-54 | ||
| 008 | 090401t1999 xxu||||| |||| 00| 0 eng d | ||
| 035 | _a(Sirsi) u93495 | ||
| 041 | _aeng | ||
| 245 | _aNegligence: surveyors | ||
| 260 | _c1999 | ||
| 350 | _a0 | ||
| 490 |
_aEstates Gazette Case Summaries _v[1999] EGCS 65 (15 May 1999) (2) |
||
| 650 | _a100 OLD BROAD STREET LTD AND OTHERS V SIDLEY AND OTHERS | ||
| 650 | _aCAUSATION | ||
| 650 | _aDAMAGES | ||
| 650 | _aNEGLIGENCE | ||
| 650 | _aRIGHTS TO LIGHT | ||
| 650 | _aSURVEYORS' NEGLIGENCE | ||
| 690 | _aMANAGEMENT-BUSINESS MANAGEMENT-PROFESSIONAL PRACTICE | ||
| 942 | _n0 | ||
| 948 | _c20/05/1999 | ||
| 999 |
_c59245 _d59245 |
||